| 000 | 00431cam a2200169ua 4500 | ||
|---|---|---|---|
| 020 | _a81-204-0443-2 | ||
| 041 |
_aeng _h |
||
| 082 |
_a631.568 _bRAJ/ST |
||
| 100 | _aRajagopalan, K. | ||
| 245 |
_astorage structures / _cK Rajagopalan. _hTextual Documents |
||
| 260 |
_aNew Delhi : _bOxford & IBH Publishing company , _c1989. |
||
| 300 | _a394 ; . | ||
| 500 | _a**Reference | ||
| 504 | _a | ||
| 942 | _cBK | ||
| 999 |
_c10026 _d10026 |
||